000 00536nam a2200181 4500
001 133334
003 ES-MaACL
005 20250824063043.0
007 t|
008 070214s1960 sp r ||||1| spa d
100 1 _aRubió i Tudurí, N. Maria,
_d1891-1981
_9100421
245 1 0 _aViajes y cacerías en el Africa Negra /
_cNicolás Mª Rubió.
250 _a1ª ed.
260 _aBarcelona :
_bJuventud,
_c1960.
300 _a221 p., 9 lám. ;
_c23 cm.
852 _aES-MaACL
_jC-18247
_bR.46371
999 _c133334
_d133334